Statistics for Name all of the DCEU Films

Click here to take the quiz!

General Stats

  • This quiz has been taken 38 times
  • The average score is 13 of 16

Answer Stats

YearAnswer% Correct
2018Aquaman
97%
2013Man of Steel
94%
2017Wonder Woman
94%
2023The Flash
91%
2017Justice League
89%
2016Suicide Squad
86%
2021The Suicide Squad
86%
2016Batman v Superman: Dawn of Justice
83%
2020Wonder Woman 1984
80%
2023Aquaman and the Lost Kingdom
74%
2019Shazam!
74%
2022Black Adam
66%
2020Birds of Prey (and the Fantabulous Emancipation of One Harley Quinn)
63%
2023Blue Beetle
63%
2023Shazam! Fury of the Gods
60%
2021Zack Snyder's Justice League
51%

Score Distribution

Percentile by Number Answered

Percent of People with Each Score

Your Score History

You have not taken this quiz